000 01097nam a22003137a 4500
001 16297324
005 20230517104054.0
008 230517b |||||||| |||| 00| 0 eng d
010 _a 2010280406
015 _aGBA997901
_2bnb
016 7 _a015386461
_2Uk
020 _a9780199570454 (hbk.)
020 _a0199570450 (hbk.)
020 _a9780198826286 (pbk.)
035 _a(OCoLC)ocn455831540
040 _aUKM
_cKMU
_dKMU
_erda
042 _aukblcatcopy
_alccopycat
050 0 0 _aQH 212.A78 Eat
_bE28 2010
100 1 _aEaton, Peter Jonathan.
245 1 0 _aAtomic force microscopy
_c/Peter Eaton and Paul West.
260 _aOxford ;
_aNew York :
_bOxford University Press,
_c2010.
300 _aviii, 248 p. :
_bill. (some col.) ;
_c26 cm.
504 _aIncludes bibliographical references (p. [201]-240) and index.
650 0 _aAtomic force microscopy.
700 1 _aWest, Paul.
906 _a7
_bcbc
_ccopycat
_d2
_encip
_f20
_gy-gencatlg
942 _2lcc
_cBK
_n0
999 _c333
_d333